000 00889nam a22001695i 4500
001 154565
003 ES-MaACL
005 20230906205759.0
008 020313s1890 sp |||| | spa d
040 _aCAM
_bspa
_cCAM
100 1 _aGonzález de Mesa, Narciso.
_9127443
245 1 0 _aLas que rien y las que lloran
_b: drama en cuatro actos y en prosa /
_cpor Narciso Gonzalez de Mesa.
260 _aMadrid :
_b[s.n.],
_c1890 (
_fImprenta de José Rodríguez)
300 _a94 p. ;
_c19 cm.
596 1 _aAl v. de port. consta : "... Galería lírico-dramática titulada El Teatro, de Florencio Fiscowich..."
852 _aES-MaACL
_jT-580-F-5
_z-- Enc. hol., conservando la cub. original
_z-- Enc. en un vol. facticio
_x-- Edic.: añadir en T260 [Florencio Fiscowich, editor] -- T440 (El teatro : colección de obras dramáticas y líricas) -- T596 Dato de ed. y serie constan en la cub.
999 _c154565
_d154565